| 000 | 01502cam a22003131i 4500 | ||
|---|---|---|---|
| 003 | SA-RiAUC | ||
| 005 | 20250116070020.0 | ||
| 008 | 250115s1985 su g i000 0dara c | ||
| 040 |
_aAE-AiULD _bara _cSA-RiAUC _erda |
||
| 050 | 4 | _bA23 1985 | |
| 082 | 0 | 4 | _a214.3701 |
| 090 |
_a214.3701 _b ع ب د ع |
||
| 100 | 1 |
_aعبد العال، حسن إبراهيم _eمؤلف. |
|
| 245 | 1 | 0 |
_aفن التعليم عند بدر الدين بن جماعة / _cحسن إبراهيم عبد العال. |
| 264 | 1 |
_aالرياض ؛ _aالكويت : _bمطبعة مكتب التربية العربي لدول الخليج، _c1985 |
|
| 300 |
_a261 صفحة ؛ _c24 سم |
||
| 336 |
_aنص _btxt _2rdacontent _3كتاب |
||
| 337 |
_aبدون وسيط _bn _2rdamedia |
||
| 338 |
_aمجلد _bnc _2rdacarrier |
||
| 600 | 1 | 7 |
_aابن جماعة، محمد بن إبراهيم بن سعد الله، _d639-733 هجري _2aucnm |
| 650 | 7 |
_aالتعليم _xفلسفة _2aucsh |
|
| 650 | 7 |
_aالإسلام والتعليم _2aucsh |
|
| 650 | 7 |
_aالإسلام والعلوم _2aucsh |
|
| 650 | 7 |
_aالتربية الإسلامية _2aucsh |
|
| 700 | 1 | 2 |
_aابن جماعة، محمد بن إبراهيم بن سعد الله، _d639-733 هجري _tتذكرة السامع والمتكلم في أدب العالم والمتعلم. |
| 740 | 0 | 2 | _aتذكرة السامع والمتكلم في أدب العالم والمتعلم. |
| 942 |
_2ddc _cBOOK _n0 |
||
| 949 |
_aSA-JeALM _d250115 _umohamedma123 _n1 |
||
| 999 |
_c4844 _d4844 |
||